[Event "Moscow op-B (Women) 14th"]
[Site "Moscow"]
[Date "2018.01.28"]
[Round "2"]
[White "Yurovskikh, Yasmin"]
[Black "Solozhenkina, Elizaveta"]
[Result "0-1"]
[WhiteElo "2001"]
[BlackElo "2190"]
[PlyCount "42"]
[EventDate "2018.01.27"]
[EventType "swiss"]
[EventRounds "9"]
[EventCountry "RUS"]
[SourceTitle "CBM 182 Extra"]
[Source "ChessBase"]
[SourceDate "2018.02.23"]
[SourceVersion "1"]
[SourceVersionDate "2018.02.23"]
[SourceQuality "1"]

1. e4 c5 2. Nc3 d6 3. g3 g6 4. Bg2 Bg7 5. d3 Nc6 6. Be3 Nf6 7. h3 Rb8 8. Qd2 b5 9. Bh6 Bxh6 10. Qxh6 Nd4 11. Qd2 e5 12. Nce2 0-0 13. c3 Ne6 14. h4 Bb7 15. Nh3 c4 16. 0-0-0 Nc5 17. dxc4 bxc4 18. Qe3 Qb6 19. Rd2 Nfxe4 20. Rc2 Nxf2 21. Qh6 Ng4 0-1

[Event "Moscow op-B (Women) 13th"]
[Site "Moscow"]
[Date "2017.01.29"]
[Round "2"]
[White "Yurovskikh, Yasmin"]
[Black "Elkina, Yuliya"]
[Result "1-0"]
[WhiteElo "1892"]
[BlackElo "1652"]
[PlyCount "81"]
[EventDate "2017.01.28"]
[EventType "swiss"]
[EventRounds "9"]
[EventCountry "RUS"]
[SourceTitle "EXT 2018"]
[Source "ChessBase"]
[SourceDate "2017.10.13"]
[SourceVersion "1"]
[SourceVersionDate "2017.10.13"]
[SourceQuality "1"]

1. e4 e6 2. d4 b6 3. Nf3 Bb7 4. Bd3 d6 5. Qe2 Nd7 6. 0-0 Ne7 7. b3 g6 8. Bb2 Bg7 9. c4 0-0 10. Nc3 e5 11. dxe5 Nxe5 12. Rad1 Nxf3+ 13. Qxf3 f5 14. Qe2 Qd7 15. exf5 Nxf5 16. Nd5 Rae8 17. Qd2 Bxd5 18. cxd5 Bxb2 19. Qxb2 b5 20. Qa3 Re5 21. Qxa7 Rxd5 22. Bc4 bxc4 23. Rxd5 cxb3 24. axb3 Nh4 25. Rd4 Nf5 26. Rc4 Rf7 27. Rd1 Qb5 28. Rxc7 Qxb3 29. Re1 Rxc7 30. Qxc7 Qf7 31. Qxf7+ Kxf7 32. f4 h5 33. Kf2 Kf6 34. g3 d5 35. Re5 d4 36. Kf3 h4 37. g4 Ne3 38. Rxe3 dxe3 39. Kxe3 g5 40. fxg5+ Kxg5 41. Kf3 1-0

[Event "Moscow-chT"]
[Site "Moscow"]
[Date "2016.10.18"]
[Round "1.2"]
[White "Yurovskikh, Yasmin"]
[Black "Kovalev, Egor"]
[Result "0-1"]
[WhiteElo "1922"]
[BlackElo "2339"]
[PlyCount "64"]
[EventDate "2016.10.18"]
[EventType "team-swiss"]
[EventRounds "9"]
[EventCountry "RUS"]
[SourceTitle "CBM 175 Extra"]
[Source "ChessBase"]
[SourceDate "2016.12.12"]
[SourceVersion "1"]
[SourceVersionDate "2016.12.12"]
[SourceQuality "1"]
[WhiteTeam "Moscow Youth II"]
[BlackTeam "Moscow Youth"]
[WhiteTeamCountry "RUS"]
[BlackTeamCountry "RUS"]

1. e4 c5 2. Nf3 Nc6 3. d4 cxd4 4. Nxd4 Qc7 5. Be3 e6 6. Nc3 a6 7. f4 d6 8. Qf3 Bd7 9. 0-0-0 Rc8 10. Qg3 b5 11. Bd3 Nf6 12. Rhe1 Nb4 13. Kb1 Nxd3 14. cxd3 Qb7 15. e5 b4 16. Ne4 Nxe4 17. dxe4 dxe5 18. Nf3 b3 19. axb3 Qxb3 20. Nxe5 Qc2+ 21. Ka1 Qa4+ 22. Kb1 Qxe4+ 23. Ka1 Qa4+ 24. Kb1 Bb5 25. Bb6 Qc2+ 26. Ka1 Rb8 27. Qf2 Qa4+ 28. Kb1 Bb4 29. Rh1 0-0 30. h4 f6 31. Nd3 Bxd3+ 32. Rxd3 Qb5 0-1

[Event "EU-ch U16 Girls 26th"]
[Site "Prague"]
[Date "2016.08.27"]
[Round "9"]
[White "Yurovskikh, Yasmin"]
[Black "Cvitan, Ena"]
[Result "1-0"]
[WhiteElo "1842"]
[BlackElo "2045"]
[PlyCount "53"]
[EventDate "2016.08.18"]
[EventType "swiss"]
[EventRounds "9"]
[EventCountry "CZE"]
[SourceTitle "CBM 174 Extra"]
[Source "ChessBase"]
[SourceDate "2016.10.10"]
[SourceVersion "1"]
[SourceVersionDate "2016.10.10"]
[SourceQuality "1"]

1. e4 c6 2. d4 d5 3. f3 dxe4 4. fxe4 e5 5. Nf3 exd4 6. Bc4 Bb4+ 7. c3 Bd6 8. 0-0 Be6 9. Bxe6 fxe6 10. Ng5 Nf6 11. cxd4 e5 12. Qb3 Qe7 13. dxe5 Bxe5 14. Be3 Na6 15. Ne6 Bxh2+ 16. Kxh2 Ng4+ 17. Kg1 Nxe3 18. Rf3 Ng4 19. Rc3 Nf6 20. Nd2 h5 21. Nf3 Nc7 22. Qxb7 Nxe6 23. Qxa8+ Nd8 24. Rxc6 0-0 25. Rc8 Qd7 26. Rac1 Ng4 27. Qd5+ 1-0

[Event "EU-ch U16 Girls 26th"]
[Site "Prague"]
[Date "2016.08.20"]
[Round "3"]
[White "Yurovskikh, Yasmin"]
[Black "Shpanko, Nadiia"]
[Result "0-1"]
[WhiteElo "1842"]
[BlackElo "2102"]
[PlyCount "40"]
[EventDate "2016.08.18"]
[EventType "swiss"]
[EventRounds "9"]
[EventCountry "CZE"]
[SourceTitle "CBM 174 Extra"]
[Source "ChessBase"]
[SourceDate "2016.10.10"]
[SourceVersion "1"]
[SourceVersionDate "2016.10.10"]
[SourceQuality "1"]

1. e4 e6 2. d4 d5 3. Nc3 Nf6 4. Bd3 c5 5. Nf3 Nc6 6. exd5 exd5 7. dxc5 Bxc5 8. 0-0 0-0 9. Bg5 h6 10. Bh4 g5 11. Bg3 Bg4 12. Be2 Re8 13. Nd2 d4 14. Bxg4 dxc3 15. Nb3 cxb2 16. Rb1 Ba3 17. Qf3 a5 18. Rbd1 Qe7 19. h4 Rad8 20. Kh2 a4 0-1

[Event "RUS-chT (Women) 18th"]
[Site "Sochi"]
[Date "2016.05.09"]
[Round "8.4"]
[White "Balaian, Alina"]
[Black "Yurovskikh, Yasmin"]
[Result "1/2-1/2"]
[WhiteElo "2230"]
[BlackElo "1892"]
[PlyCount "116"]
[EventDate "2016.05.01"]
[EventType "team-tourn"]
[EventRounds "9"]
[EventCountry "RUS"]
[SourceTitle "CBM 172 Extra"]
[Source "ChessBase"]
[SourceDate "2016.06.21"]
[SourceVersion "1"]
[SourceVersionDate "2016.06.21"]
[SourceQuality "1"]
[WhiteTeam "St Petersburg SHSH (W)"]
[BlackTeam "Moscow SSHOR Youth (W)"]
[WhiteTeamCountry "RUS"]
[BlackTeamCountry "RUS"]

1. e4 c6 2. d4 d5 3. Nd2 dxe4 4. Nxe4 Bf5 5. Ng3 Bg6 6. h4 h6 7. Nf3 Nd7 8. h5 Bh7 9. Bd3 Bxd3 10. Qxd3 e6 11. Bf4 Qa5+ 12. Bd2 Bb4 13. c3 Be7 14. Qe2 Ngf6 15. Ne5 0-0 16. f4 Rfe8 17. Ne4 Qd5 18. Nf2 c5 19. c4 Qxd4 20. 0-0-0 Qd6 21. g4 Qc7 22. Bc3 Nxe5 23. Bxe5 Qc6 24. Bc3 Nh7 25. Nd3 b5 26. Ne5 Qa6 27. cxb5 Qxa2 28. Rhf1 Nf6 29. Rf3 Nd5 30. Qe4 Nxc3 31. Rxc3 Red8 32. Re1 Bh4 33. Rh1 Bf6 34. Ra3 Qd5 35. Qxd5 exd5 36. Nc6 Rd7 37. Re1 Rb7 38. Ra5 Kf8 39. Kc2 Bd8 40. Nxd8 Rxd8 41. g5 Rd6 42. Rea1 Rdb6 43. Rxa7 Rxb5 44. Ra8+ Ke7 45. R1a2 hxg5 46. fxg5 Rb4 47. Rg8 Rh4 48. Rxg7 Rxh5 49. g6 Rf5 50. Rxf7+ Rxf7 51. gxf7 Kxf7 52. Ra5 Rc7 53. Kd3 Ke6 54. Rb5 Ke5 55. b3 Kd6 56. b4 c4+ 57. Kd4 Kc6 58. Rxd5 Kb6 1/2-1/2

[Event "RUS-chT (Women) 18th"]
[Site "Sochi"]
[Date "2016.05.08"]
[Round "7.4"]
[White "Yurovskikh, Yasmin"]
[Black "Baraeva, Marina"]
[Result "0-1"]
[WhiteElo "1892"]
[BlackElo "2208"]
[PlyCount "120"]
[EventDate "2016.05.01"]
[EventType "team-tourn"]
[EventRounds "9"]
[EventCountry "RUS"]
[SourceTitle "CBM 172 Extra"]
[Source "ChessBase"]
[SourceDate "2016.06.21"]
[SourceVersion "1"]
[SourceVersionDate "2016.06.21"]
[SourceQuality "1"]
[WhiteTeam "Moscow SSHOR Youth (W)"]
[BlackTeam "Krasnodar Belorechensk Uni (W)"]
[WhiteTeamCountry "RUS"]
[BlackTeamCountry "RUS"]

1. e4 e6 2. d4 d5 3. Nc3 Nf6 4. Bd3 c5 5. Nf3 cxd4 6. Nxd4 e5 7. Nf3 d4 8. Ne2 Nc6 9. 0-0 Bg4 10. Ng3 Bc5 11. h3 Be6 12. Ng5 h6 13. Nxe6 fxe6 14. Bc4 Qd7 15. c3 0-0 16. b4 Bb6 17. Qb3 Rae8 18. Bb2 Kh7 19. a4 a6 20. Rad1 Qc8 21. Bd3 dxc3 22. Bxc3 Nd7 23. Bc4 Rf6 24. Nh5 Rg6 25. Rd6 Nf8 26. b5 axb5 27. Qxb5 Bd4 28. Bxd4 Nxd4 29. Qb4 Nd7 30. Bb5 Rd8 31. Bxd7 Rxd7 32. Rxd7 Qxd7 33. Ng3 Qf7 34. Qc4 Qf4 35. Qd3 h5 36. Qe3 Qxe3 37. fxe3 Rxg3 38. exd4 exd4 39. Rb1 Re3 40. Rxb7 Rxe4 41. a5 Re1+ 42. Kf2 Ra1 43. Rd7 Rxa5 44. Rxd4 Rf5+ 45. Ke3 Kg6 46. Ra4 Rf1 47. Ra5 Rf5 48. Ra4 Kf6 49. h4 Rb5 50. g3 Rb3+ 51. Kf4 e5+ 52. Ke4 Rxg3 53. Ra6+ Kf7 54. Kxe5 Rg4 55. Kf5 g6+ 56. Ke5 Kg7 57. Ra7+ Kh6 58. Kf6 Rxh4 59. Ra8 Rf4+ 60. Ke5 Kg5 0-1

[Event "RUS-chT (Women) 18th"]
[Site "Sochi"]
[Date "2016.05.07"]
[Round "6.4"]
[White "Savina, Anastasia"]
[Black "Yurovskikh, Yasmin"]
[Result "1/2-1/2"]
[WhiteElo "2387"]
[BlackElo "1892"]
[PlyCount "57"]
[EventDate "2016.05.01"]
[EventType "team-tourn"]
[EventRounds "9"]
[EventCountry "RUS"]
[SourceTitle "CBM 172 Extra"]
[Source "ChessBase"]
[SourceDate "2016.06.21"]
[SourceVersion "1"]
[SourceVersionDate "2016.06.21"]
[SourceQuality "1"]
[WhiteTeam "Moscow Legacy Square (W)"]
[BlackTeam "Moscow SSHOR Youth (W)"]
[WhiteTeamCountry "RUS"]
[BlackTeamCountry "RUS"]

1. d4 d5 2. c4 c6 3. Nc3 e6 4. e3 f5 5. Qc2 Nf6 6. Bd3 Ne4 7. Nge2 Bd6 8. 0-0 Qc7 9. g3 0-0 10. f3 Nxc3 11. Nxc3 dxc4 12. Bxc4 b5 13. Bb3 Qb6 14. Kg2 c5 15. dxc5 Bxc5 16. e4 Kh8 17. exf5 exf5 18. Nd5 Qc6 19. Bf4 Na6 20. Be5 Bd7 21. Nf4 Qh6 22. Rad1 Rad8 23. a3 Bc8 24. Rxd8 Rxd8 25. Rd1 Re8 26. Bf7 Rf8 27. Nh5 Rxf7 28. Qxc5 Bd7 29. Rxd7 1/2-1/2

[Event "Moscow op-B (Women)"]
[Site "Moscow"]
[Date "2016.02.05"]
[Round "7"]
[White "Nikulina, Alena"]
[Black "Yurovskikh, Yasmin"]
[Result "1-0"]
[WhiteElo "2004"]
[BlackElo "1808"]
[PlyCount "51"]
[EventDate "2016.01.30"]
[EventType "swiss"]
[EventRounds "9"]
[EventCountry "RUS"]
[SourceTitle "CBM 170 Extra"]
[Source "ChessBase"]
[SourceDate "2016.02.25"]
[SourceVersion "1"]
[SourceVersionDate "2016.02.25"]
[SourceQuality "1"]

1. f4 d5 2. Nf3 Bg4 3. Ne5 Bh5 4. d4 f6 5. Nd3 e6 6. g3 Nc6 7. c3 Qd6 8. Bg2 0-0-0 9. 0-0 Be7 10. b4 g5 11. a4 gxf4 12. Nxf4 Bf7 13. a5 e5 14. Bh3+ Kb8 15. b5 Nxa5 16. Rxa5 exf4 17. Bxf4 Qb6 18. Qa4 Be8 19. Nd2 Bd6 20. Be3 c6 21. bxc6 Bxc6 22. Qa2 Bc7 23. Ra3 Bb5 24. c4 dxc4 25. d5 Qd6 26. Bxa7+ 1-0

[Event "Moscow op-B (Women)"]
[Site "Moscow"]
[Date "2016.02.04"]
[Round "6"]
[White "Yurovskikh, Yasmin"]
[Black "Sviridova, Olga Borisovna"]
[Result "1-0"]
[WhiteElo "1808"]
[BlackElo "1995"]
[PlyCount "49"]
[EventDate "2016.01.30"]
[EventType "swiss"]
[EventRounds "9"]
[EventCountry "RUS"]
[SourceTitle "CBM 170 Extra"]
[Source "ChessBase"]
[SourceDate "2016.02.25"]
[SourceVersion "1"]
[SourceVersionDate "2016.02.25"]
[SourceQuality "1"]

1. e4 e6 2. d4 d5 3. Nc3 Bb4 4. Bd3 dxe4 5. Bxe4 Nf6 6. Bd3 c5 7. a3 Ba5 8. dxc5 Bxc3+ 9. bxc3 Qa5 10. Ne2 0-0 11. 0-0 e5 12. Ng3 Bg4 13. Qe1 Nc6 14. Bg5 Nd7 15. Qe4 f5 16. Qd5+ Kh8 17. Qxd7 e4 18. Be2 Bxe2 19. Nxe2 Qa6 20. Nd4 Ne5 21. Qd6 Qxd6 22. cxd6 Rac8 23. Ne6 Rf7 24. Be7 h6 25. Nd8 1-0

[Event "Moscow op-B (Women)"]
[Site "Moscow"]
[Date "2016.02.02"]
[Round "4"]
[White "Radivon, Arina"]
[Black "Yurovskikh, Yasmin"]
[Result "1-0"]
[WhiteElo "2000"]
[BlackElo "1808"]
[PlyCount "127"]
[EventDate "2016.01.30"]
[EventType "swiss"]
[EventRounds "9"]
[EventCountry "RUS"]
[SourceTitle "CBM 170 Extra"]
[Source "ChessBase"]
[SourceDate "2016.02.25"]
[SourceVersion "1"]
[SourceVersionDate "2016.02.25"]
[SourceQuality "1"]

1. e4 c6 2. d4 d5 3. exd5 cxd5 4. Bd3 Nc6 5. c3 g6 6. Bf4 Bf5 7. Bxf5 gxf5 8. Qd3 e6 9. Nf3 Bd6 10. Ne5 Nf6 11. 0-0 Nh5 12. Nxc6 bxc6 13. Be5 Rg8 14. Qf3 Bxe5 15. Qxh5 Bf6 16. Nd2 Qc7 17. Rae1 0-0-0 18. Re2 Rg4 19. g3 Rdg8 20. Nf3 Qf4 21. Qxf7 Qxf3 22. Qxe6+ Kb8 23. Re3 Qf4 24. Qxf6 h5 25. Qe5+ Kb7 26. Qxf4 Rxf4 27. Kh1 Re4 28. Rfe1 Rge8 29. Kg2 Kb6 30. Kf3 Kb5 31. h3 Rf8 32. Rg1 a5 33. Ke2 Rfe8 34. Kd3 c5 35. dxc5 Kxc5 36. Rge1 Rb8 37. Kc2 Rbe8 38. R1e2 R8e7 39. Re1 Rg7 40. Kd2 a4 41. Rf3 Rb7 42. Rb1 Rf7 43. b4+ Kb5 44. Re1 Kc4 45. Rxe4+ dxe4 46. Re3 Rg7 47. Kc2 a3 48. Kd2 Rg8 49. Kc2 Rg7 50. Re2 h4 51. g4 fxg4 52. Rxe4+ Kd5 53. Rd4+ Ke5 54. hxg4 h3 55. g5 Rh7 56. Rd1 h2 57. Rh1 Kf5 58. Kb3 Kxg5 59. Kxa3 Kf5 60. Kb3 Ke5 61. a4 Kd6 62. a5 Kc6 63. f4 Rh3 64. f5 1-0

[Event "Moscow op-B (Women)"]
[Site "Moscow"]
[Date "2016.01.31"]
[Round "2"]
[White "Obolentseva, Alexandra"]
[Black "Yurovskikh, Yasmin"]
[Result "1-0"]
[WhiteElo "2194"]
[BlackElo "1808"]
[PlyCount "121"]
[EventDate "2016.01.30"]
[EventType "swiss"]
[EventRounds "9"]
[EventCountry "RUS"]
[SourceTitle "CBM 170 Extra"]
[Source "ChessBase"]
[SourceDate "2016.02.25"]
[SourceVersion "1"]
[SourceVersionDate "2016.02.25"]
[SourceQuality "1"]

1. d4 d5 2. c4 c6 3. Nf3 e6 4. Nc3 f5 5. Bf4 Nf6 6. e3 Be7 7. Be2 0-0 8. 0-0 Ne4 9. h3 Nd7 10. Nxe4 fxe4 11. Ne5 Nxe5 12. Bxe5 Bd6 13. Bxd6 Qxd6 14. Qb3 Bd7 15. Qc3 Rf6 16. b4 Raf8 17. a4 Qe7 18. f4 Rg6 19. Bh5 Rh6 20. Bg4 Rg6 21. Rab1 Qh4 22. Qe1 Qxe1 23. Rfxe1 dxc4 24. b5 cxb5 25. axb5 a6 26. bxa6 bxa6 27. Rb6 a5 28. Rc1 Rc8 29. d5 Rxg4 30. dxe6 Bxe6 31. hxg4 Bxg4 32. Kf2 Kf7 33. Rb5 g6 34. Rxa5 h5 35. Ra7+ Kf6 36. Ra6+ Kf7 37. Kg3 Rc5 38. Rb1 Rc7 39. Rab6 Bc8 40. Kf2 Be6 41. Rb7 Rxb7 42. Rxb7+ Kf6 43. Rc7 Kf5 44. Rc5+ Kf6 45. Ke2 h4 46. Kd2 Kg7 47. Kc3 Kh6 48. Re5 Bf5 49. Kxc4 Kh5 50. Kd4 Kg4 51. Rc5 Kg3 52. Rc2 Kg4 53. Rb2 Kg3 54. Ke5 Kg4 55. Kf6 h3 56. gxh3+ Kxh3 57. Ke5 Kg3 58. Kd4 Kg4 59. Rb5 g5 60. Rxf5 Kxf5 61. fxg5 1-0

[Event "Moscow Petrosian Memorial op"]
[Site "Moscow"]
[Date "2015.01.10"]
[Round "7"]
[White "Lupolov, Boris"]
[Black "Yurovskikh, Yasmin"]
[Result "1-0"]
[WhiteElo "1729"]
[BlackElo "1834"]
[PlyCount "113"]
[EventDate "2015.01.04"]
[EventType "swiss"]
[EventRounds "9"]
[EventCountry "RUS"]
[SourceTitle "CBM 164 Extra"]
[Source "ChessBase"]
[SourceDate "2015.03.02"]
[SourceVersion "1"]
[SourceVersionDate "2015.03.02"]
[SourceQuality "1"]

1. d4 c5 2. d5 e5 3. c4 d6 4. e4 Be7 5. Nc3 Bg5 6. Bxg5 Qxg5 7. Nf3 Qd8 8. Qd2 Ne7 9. Bd3 f5 10. 0-0-0 a6 11. Qc2 f4 12. Nd2 Bd7 13. g3 0-0 14. f3 b5 15. g4 Qa5 16. Kb1 bxc4 17. Nxc4 Qc7 18. h4 a5 19. Rh2 Na6 20. a3 Nc8 21. Qe2 Kh8 22. Rc1 Nb8 23. h5 Nb6 24. Ka1 Nxc4 25. Bxc4 Qb6 26. h6 g6 27. Qf2 Na6 28. Qh4 Qd8 29. Qf2 Qe7 30. Qe2 Nc7 31. Qd2 Rfb8 32. Qd3 Ra7 33. Rcc2 Rab7 34. Qd2 Qd8 35. Ne2 Ba4 36. Rc3 Rxb2 37. Qxb2 Rxb2 38. Kxb2 Ne8 39. Ka2 Qg5 40. Rc1 Qd8 41. Nc3 Bd7 42. Rb1 Nf6 43. Rb7 Kg8 44. Rhb2 Kf7 45. Rb8 Qe7 46. Rh8 g5 47. Ra8 Kg6 48. Rb7 Kxh6 49. Bb5 Kg6 50. Bxd7 Nxd7 51. Raa7 Qd8 52. Rxd7 Qb6 53. Rg7+ Kh6 54. Rxh7+ Kg6 55. Rag7+ Kf6 56. Rb7 Qa6 57. Rh6# 1-0

[Event "Moscow Petrosian Memorial op"]
[Site "Moscow"]
[Date "2015.01.07"]
[Round "4"]
[White "Yurovskikh, Yasmin"]
[Black "Merzlyakov, Vyacheslav"]
[Result "0-1"]
[WhiteElo "1834"]
[BlackElo "1753"]
[PlyCount "64"]
[EventDate "2015.01.04"]
[EventType "swiss"]
[EventRounds "9"]
[EventCountry "RUS"]
[SourceTitle "CBM 164 Extra"]
[Source "ChessBase"]
[SourceDate "2015.03.02"]
[SourceVersion "1"]
[SourceVersionDate "2015.03.02"]
[SourceQuality "1"]

1. e4 e5 2. Bc4 Nf6 3. d4 exd4 4. Nf3 Nc6 5. e5 d5 6. Bb5 Ne4 7. Nxd4 Bd7 8. Bxc6 bxc6 9. 0-0 Be7 10. f3 Nc5 11. Nd2 0-0 12. f4 Ne6 13. N2f3 c5 14. Nf5 c6 15. Nxe7+ Qxe7 16. f5 Nc7 17. f6 gxf6 18. exf6 Qxf6 19. Qe1 Qg7 20. Qh4 Rfe8 21. Bg5 Re4 22. Qf2 Ne6 23. Bh4 Nf4 24. Bg5 Re2 25. Qxc5 h6 26. Qd6 Rxg2+ 27. Kh1 hxg5 28. Qxd7 Qh7 29. Qxc6 Rf8 30. Qd6 Rxc2 31. Rg1 Rxh2+ 32. Nxh2 Qe4+ 0-1